An implementation of wireless sensor networks in remote performance monitoring of induction motor /
Saved in:
| Main Author: | |
|---|---|
| Format: | Thesis Book |
| Language: | English |
| Published: |
2011.
|
| Subjects: | |
| Tags: |
Add Tag
No Tags, Be the first to tag this record!
|
| LEADER | 01074cam a2200277 a 4500 | ||
|---|---|---|---|
| 001 | u840962 | ||
| 003 | SIRSI | ||
| 005 | 201110171018 | ||
| 008 | 111017s2011 my a t 000 0 eng m | ||
| 040 | |a UMM |d UMJ | ||
| 090 | |a TA7 |b UM 2011 Ism | ||
| 097 | |a TA7 |b UM 2011 Ism | ||
| 100 | 1 | |a Ismail, Fauzan. | |
| 245 | 1 | 2 | |a An implementation of wireless sensor networks in remote performance monitoring of induction motor / |c Fauzan Ismail. |
| 260 | |c 2011. | ||
| 300 | |a xv, 130 leaves : |b ill. ; |c 30 cm. | ||
| 502 | |a Dissertation (M.Eng.Sc.) -- Fakulti Kejuruteraan, Universiti Malaya, 2011. | ||
| 504 | |a Bibliography: leaves 85-91. | ||
| 650 | 0 | |a Wireless sensor networks. | |
| 650 | 0 | |a Electric motors, Induction. | |
| 650 | 0 | |a Electric motors. | |
| 710 | 2 | |a Universiti Malaya. |b Fakulti Kejuruteraan. | |
| 900 | |a NHS | ||
| 596 | |a 1 7 | ||
| 999 | |a TA7 UM 2011 ISM |w LC |c 1 |i A514831713 |d 7/12/2012 |e 7/12/2012 |f 29/6/2012 |g 1 |l STACKS |m P01UTAMA |n 2 |r Y |s Y |t TESIS |u 28/6/2012 | ||
| 999 | |a TA7 UM 2011 ISM |w LC |c 1 |i A514909545 |d 5/6/2014 |f 5/6/2014 |g 1 |l STACKS |m P07JURUTER |r N |s Y |t TESIS |u 16/5/2014 | ||
